Welcome to the Holygrace Academy Library

Please use search bar below to get started

HORRIBLE HISTORY: STORMY WEATHER (Record no. 8598)

MARC details
000 -LEADER
fixed length control field 00369nam a22001337a 4500
082 ## - DEWEY DECIMAL CLASSIFICATION NUMBER
Classification number 823
Item number GAN/H
100 ## - MAIN ENTRY--AUTHOR NAME
Personal name GANERI, ANITA
245 ## - TITLE STATEMENT
Title HORRIBLE HISTORY: STORMY WEATHER
246 ## - VARYING FORM OF TITLE
Title proper/short title HORRIBLE HISTORY: STORMY WEATHER
Remainder of title HORRIBLE HISTORY: STORMY WEATHER
260 ## - PUBLICATION, DISTRIBUTION, ETC. (IMPRINT)
Place of publication NEW DELHI
Name of publisher SCHOLASTIC
Year of publication 1999
300 ## - PHYSICAL DESCRIPTION
Number of Pages 160
650 ## - SUBJECT ADDED ENTRY--TOPICAL TERM
Topical Term STORY OF HORRIBLE GEOGRAPHY
942 ## - ADDED ENTRY ELEMENTS (KOHA)
Koha item type Books
Holdings
Withdrawn status Lost status Collection code Home library Current library Shelving location Date acquired Source of acquisition Cost, normal purchase price Full call number Accession Number Koha item type
    Fiction Main Library Main Library NEW SHELF WITH NEW ENTRY 11/11/2023 PURCHASED 150.00 823 GAN/H 13349 Books